Football - Classement du ballon d'or 2024 - Statistiques

Statistiques générales
  • Ce quiz a été pris 237 fois
  • Le résultat moyen est 19 sur 30
Statistiques - réponses
Classement Joueurs Nationalité % Correct
1 Rodri Espagne
100%
5 Erling Haaland Norvège
99%
6 Kylian Mbappé France
99%
2 Vinicius Jr. Brésil
99%
3 Jude Bellingham Angleterre
96%
8 Lamine Yamal Espagne
92%
4 Dani Carvajal Espagne
88%
7 Lautaro Martinez Argentine
87%
18 Emiliano Martinez Argentine
84%
10 Harry Kane Angleterre
82%
12 Florian Wirtz Allemagne
71%
19 Martin Odegaard Norvège
70%
11 Phil Foden Angleterre
67%
9 Toni Kroos Allemagne
65%
17 Federico Valverde Uruguay
64%
14 Ademola Lookman Nigeria
59%
21 Bukayo Saka Angleterre
57%
16 Granit Xhaka Suisse
55%
15 Nico Williams Espagne
49%
13 Dani Olmo Espagne
44%
27 Vitinha Portugal
43%
24 William Saliba France
43%
22 Antonio Rudiger Allemagne
42%
26 Declan Rice Angleterre
40%
23 Ruben Dias Portugal
40%
20 Hakan Calhanoglu Turquie
38%
25 Cole Palmer Angleterre
36%
29 Artem Dovbyk Ukraine
33%
29 Mats Hummels Allemagne
32%
28 Alex Grimaldo Espagne
31%
Aucun quiz correspondant
Distribution des résultats
% des personnes avec chaque résultat
Percentile par nombre de réponses
Votre historique - résultats
Vous n’avez pas pris ce quiz